[Event "Mislata op 56th"]
[Site "Mislata"]
[Date "2023.08.15"]
[Round "2"]
[White "Martinez Villena, David"]
[Black "Juan Lepp, Jaime Boris"]
[Result "0-1"]
[WhiteElo "2020"]
[BlackElo "1915"]
[PlyCount "90"]
[EventDate "2023.08.14"]
[EventType "swiss"]
[EventRounds "9"]
[EventCountry "ESP"]
[SourceTitle "CBM 215 Extra"]
[Source "ChessBase"]
[SourceDate "2023.09.30"]
[SourceVersion "1"]
[SourceVersionDate "2023.09.30"]
[SourceQuality "1"]

1. e4 e5 2. Nf3 Nc6 3. Bb5 Bc5 4. c3 f5 5. d4 fxe4 6. Bxc6 dxc6 7. Nxe5 Bd6 8. Qh5+ g6 9. Qe2 Nf6 10. Bg5 0-0 11. Nd2 Qe8 12. Bh6 Bxe5 13. Bxf8 Bf4 14. Ba3 e3 15. fxe3 Bg4 16. Nf3 Bxe3 17. Kd1 Qe4 18. h3 Bf5 19. Ne5 Nd5 20. Rf1 Nf4 21. Rxf4 Qxf4 22. Qf3 Be4 23. Qxf4 Bxf4 24. Nf3 Re8 25. Ke2 Bd5+ 26. Kf2 Re3 27. Re1 Rxe1 28. Nxe1 Bxa2 29. Nd3 Bd6 30. b4 a5 31. Nc5 b6 32. bxa5 bxa5 33. Bc1 Kf7 34. Bg5 Bd5 35. g4 Bxc5 36. dxc5 Ke6 37. Bc1 Bc4 38. Ke3 Kd5 39. Ba3 Bf1 40. h4 Kc4 41. Kf4 Kb3 42. Bc1 a4 43. Kg5 Be2 44. h5 gxh5 45. gxh5 a3 0-1

[Event "Sueca op 7th"]
[Site "Sueca"]
[Date "2023.08.07"]
[Round "1"]
[White "Martinez Villena, David"]
[Black "Lirola Gimeno, Manuel Jaime"]
[Result "1-0"]
[WhiteElo "2020"]
[BlackElo "1466"]
[PlyCount "71"]
[EventDate "2023.08.07"]
[EventType "swiss"]
[EventRounds "9"]
[EventCountry "ESP"]
[SourceTitle "EXT 2024"]
[Source "ChessBase"]
[SourceDate "2023.10.10"]
[SourceVersion "1"]
[SourceVersionDate "2023.10.10"]
[SourceQuality "1"]

1. e4 e6 2. d4 d5 3. Nc3 Nf6 4. Bg5 Bb4 5. e5 h6 6. exf6 hxg5 7. fxg7 Rg8 8. h4 gxh4 9. Qh5 Qf6 10. Qxh4 Qxg7 11. Nf3 c5 12. 0-0-0 Bd7 13. Nb5 Bxb5 14. Bxb5+ Nc6 15. a3 Ba5 16. dxc5 a6 17. Bxc6+ bxc6 18. Qa4 Rb8 19. Qxc6+ Ke7 20. Qd6+ Kf6 21. Rh4 Rbd8 22. Rf4+ Kg6 23. Rg4+ Kf6 24. Qf4+ Ke7 25. Rxg7 Rxg7 26. Qh4+ Ke8 27. Qh8+ Ke7 28. Qxg7 Rc8 29. Ne5 Rf8 30. Ng6+ Kd8 31. Qxf8+ Kd7 32. Qd6+ Kc8 33. Ne7+ Kb7 34. Qd7+ Bc7 35. Qc8+ Ka7 36. Nc6# 1-0

[Event "Mislata op rapid"]
[Site "Mislata"]
[Date "2022.08.15"]
[Round "1"]
[White "Martinez Villena, David"]
[Black "Nieves Cabanes, Jose Manuel"]
[Result "1-0"]
[WhiteElo "1957"]
[BlackElo "2260"]
[PlyCount "107"]
[EventDate "2022.08.15"]
[EventType "swiss (rapid)"]
[EventRounds "8"]
[EventCountry "ESP"]
[SourceTitle "EXT 2024"]
[Source "ChessBase"]
[SourceDate "2023.10.10"]
[SourceVersion "1"]
[SourceVersionDate "2023.10.10"]
[SourceQuality "1"]

1. e4 e6 2. d4 d5 3. Nd2 Nc6 4. Ngf3 Nf6 5. e5 Nd7 6. Nb3 f6 7. Bb5 a5 8. a4 Na7 9. exf6 Qxf6 10. Bg5 Qg6 11. Bd3 Qf7 12. Bh4 h6 13. c3 Bd6 14. Qc2 Nf8 15. 0-0 Nc6 16. Rae1 Bd7 17. Nc5 Bxc5 18. dxc5 g5 19. Bg3 0-0-0 20. Rb1 h5 21. Ne5 Nxe5 22. Bxe5 Rg8 23. b4 Ng6 24. Bxg6 Qxg6 25. Qb2 axb4 26. Qxb4 Bc6 27. a5 Qd3 28. Rb2 Rdf8 29. Ra1 Kd7 30. a6 bxa6 31. Bxc7 Bb5 32. Bd6 Rc8 33. Qa5 Rc6 34. Rab1 Rgc8 35. h3 Ke8 36. Re1 Kf7 37. Qa1 Re8 38. Qc1 Qg6 39. Re5 Rg8 40. Qe3 Qf6 41. Rd2 Bc4 42. Rd1 Rcc8 43. Rb1 Bb5 44. Re1 Bd7 45. Qd2 Kg6 46. Qd3+ Kh6 47. Qxa6 g4 48. Qe2 Qg6 49. h4 Kh7 50. Rg5 Qh6 51. Qd3+ Rg6 52. Ree5 Kg7 53. Rxg6+ Qxg6 54. Rg5 1-0

[Event "Montserrat op 14th"]
[Site "Montserrat"]
[Date "2021.09.04"]
[Round "7"]
[White "Ramirez Aucejo, Hector"]
[Black "Martinez Villena, David"]
[Result "1-0"]
[WhiteElo "1713"]
[BlackElo "1972"]
[PlyCount "73"]
[EventDate "2021.08.27"]
[EventType "swiss"]
[EventRounds "9"]
[EventCountry "ESP"]
[SourceTitle "EXT 2022"]
[Source "ChessBase"]
[SourceDate "2021.10.06"]
[SourceVersion "1"]
[SourceVersionDate "2021.10.06"]
[SourceQuality "1"]

1. e4 c5 2. Nc3 Nc6 3. Bb5 Nd4 4. Bc4 e6 5. Nf3 a6 6. Nxd4 cxd4 7. Ne2 b5 8. Bb3 Bb7 9. d3 Bc5 10. 0-0 Ne7 11. c3 dxc3 12. bxc3 Bb6 13. Kh1 0-0 14. Bd2 f5 15. f3 Kh8 16. Qe1 Ng6 17. Nf4 Nxf4 18. Bxf4 fxe4 19. fxe4 Rf6 20. Bd6 Rc8 21. Qg3 Rxc3 22. Be5 Rg6 23. Qxg6 hxg6 24. Bxc3 Qc7 25. Rf8+ Kh7 26. Bb2 Qd6 27. Rf3 a5 28. Raf1 a4 29. Bc2 Qb4 30. Ba1 Qd2 31. Bb1 b4 32. Rf7 b3 33. axb3 axb3 34. Bxg7 Kg8 35. Be5 Qe2 36. Rg7+ Kh8 37. Rf8# 1-0

[Event "Mislata op 54th"]
[Site "Mislata"]
[Date "2021.08.20"]
[Round "7"]
[White "Martinez Villena, David"]
[Black "Birnoveanu, Petru"]
[Result "1-0"]
[WhiteElo "1959"]
[BlackElo "1805"]
[PlyCount "127"]
[EventDate "2021.08.16"]
[EventType "swiss"]
[EventRounds "9"]
[EventCountry "ESP"]
[SourceTitle "CBM 203 Extra"]
[Source "ChessBase"]
[SourceDate "2021.09.30"]
[SourceVersion "1"]
[SourceVersionDate "2021.09.30"]
[SourceQuality "1"]

1. b3 c5 2. Bb2 Nc6 3. Nf3 d6 4. d4 cxd4 5. Nxd4 Bd7 6. c4 a6 7. e4 Nf6 8. Nc3 e5 9. Nc2 Qa5 10. Qd2 Be7 11. Be2 Rd8 12. 0-0 h5 13. a3 Qb6 14. b4 Nd4 15. Nxd4 Qxd4 16. Qxd4 exd4 17. Nd5 Nxe4 18. Bxd4 Bf6 19. Nxf6+ Nxf6 20. Rfe1 Be6 21. Bf3 Rd7 22. Rad1 Ke7 23. Bd5 b5 24. Bc6 Rc7 25. cxb5 axb5 26. Bxb5 Rb8 27. a4 Nd5 28. Bxg7 Nxb4 29. f4 Rc5 30. Re4 Rg8 31. Bd4 Rf5 32. Bf2 Nd5 33. Rc1 Rg6 34. Rc8 Rxf4 35. Bh4+ Rxh4 36. Re8+ Kf6 37. Rxh4 Ne3 38. Rf4+ Ke5 39. g3 Nd5 40. Rf3 h4 41. Kf2 hxg3+ 42. hxg3 Rh6 43. Rxf7 Nf6 44. Ree7 Ne4+ 45. Kg2 Rg6 46. Rg7 Rf6 47. Bd3 Nc5 48. Bc2 d5 49. Rc7 Kd6 50. a5 d4 51. Bd1 Bd5+ 52. Kg1 d3 53. Rc8 Ke5 54. Rxc5 Kd4 55. Rcc7 Rh6 56. Rh7 Re6 57. Rh4+ Ke3 58. Rc1 Kd2 59. Rc5 Ba8 60. Bg4 Rg6 61. Kf2 Rf6+ 62. Bf5 Bb7 63. Rb4 Bc8 64. g4 1-0

[Event "Quart de Poblet op 6th"]
[Site "Quart de Poblet"]
[Date "2018.09.02"]
[Round "9.7"]
[White "Crespo, Raimundo Francisco"]
[Black "Martinez Villena, David"]
[Result "0-1"]
[WhiteElo "2091"]
[BlackElo "1983"]
[PlyCount "68"]
[EventDate "2018.08.27"]
[EventType "swiss"]
[EventRounds "9"]
[EventCountry "ESP"]
[SourceTitle "EXT 2024"]
[Source "ChessBase"]
[SourceDate "2023.10.10"]
[SourceVersion "1"]
[SourceVersionDate "2023.10.10"]
[SourceQuality "1"]

1. e4 d5 2. exd5 Nf6 3. Bb5+ Nbd7 4. Nc3 a6 5. Be2 Nb6 6. Nf3 Nbxd5 7. Nxd5 Qxd5 8. d4 g6 9. 0-0 Bg7 10. c4 Qd6 11. h3 0-0 12. Be3 Bf5 13. Qc1 Ne4 14. Rd1 c5 15. dxc5 Qc7 16. Nd4 Nxc5 17. Nxf5 gxf5 18. Rd5 Na4 19. Bf4 Qc6 20. Be5 Bxe5 21. Rxe5 Qf6 22. Qf4 e6 23. Rb1 Rac8 24. Ra5 Nc5 25. Ra3 Kh8 26. Re3 a5 27. b3 Rfd8 28. Re5 b6 29. a3 Qg7 30. Re3 Rd4 31. Qe5 Qxe5 32. Rxe5 Kg7 33. Bf1 Ne4 34. Rb5 Nc3 0-1

[Event "Quart de Poblet op 6th"]
[Site "Quart de Poblet"]
[Date "2018.08.29"]
[Round "3.7"]
[White "Martinez Villena, David"]
[Black "Bas Mas, Miguel"]
[Result "1-0"]
[WhiteElo "1983"]
[BlackElo "2191"]
[PlyCount "65"]
[EventDate "2018.08.27"]
[EventType "swiss"]
[EventRounds "9"]
[EventCountry "ESP"]
[SourceTitle "EXT 2024"]
[Source "ChessBase"]
[SourceDate "2023.10.10"]
[SourceVersion "1"]
[SourceVersionDate "2023.10.10"]
[SourceQuality "1"]

1. e4 c5 2. Nf3 d6 3. d4 cxd4 4. Nxd4 Nf6 5. Nc3 Nc6 6. Be2 g6 7. 0-0 Bg7 8. Nb3 0-0 9. Re1 Be6 10. Bf1 Nd7 11. Nd5 Nc5 12. c3 Rc8 13. Bg5 Re8 14. Qd2 Qd7 15. Rad1 Nxb3 16. axb3 Na5 17. b4 Nc4 18. Bxc4 Rxc4 19. Ra1 b6 20. Ra3 Bxd5 21. Qxd5 Rc7 22. Rd1 h6 23. Bh4 Qg4 24. Bg3 Qe2 25. Ra2 Rc4 26. h3 Bxc3 27. Rd3 Rec8 28. Rxc3 Rxc3 29. bxc3 Qe1+ 30. Kh2 Rxc3 31. Rxa7 Rc1 32. Ra8+ Kg7 33. Be5+ 1-0

[Event "Mislata op 52nd"]
[Site "Mislata"]
[Date "2018.08.10"]
[Round "7"]
[White "Gonzalez Aguirre, Luis"]
[Black "Martinez Villena, David"]
[Result "1-0"]
[WhiteElo "2105"]
[BlackElo "1983"]
[PlyCount "85"]
[EventDate "2018.08.06"]
[EventType "swiss"]
[EventRounds "9"]
[EventCountry "ESP"]
[SourceTitle "CBM 185 Extra"]
[Source "ChessBase"]
[SourceDate "2018.07.29"]
[SourceVersion "1"]
[SourceVersionDate "2018.07.29"]
[SourceQuality "1"]

1. d4 Nf6 2. Nf3 e6 3. g3 b6 4. Bg2 Bb7 5. 0-0 Be7 6. c4 0-0 7. Nc3 Ne4 8. Bd2 Nxd2 9. Qxd2 d6 10. e4 Nd7 11. Rfe1 c5 12. d5 e5 13. a3 a6 14. b4 g6 15. Rab1 cxb4 16. Rxb4 a5 17. Rb2 Ba6 18. Bf1 Nc5 19. Reb1 Rb8 20. Qc2 Qc7 21. Nb5 Qd7 22. Nc3 Bd8 23. Nd2 Rc8 24. Qd1 f5 25. Be2 Qf7 26. Qf1 Kh8 27. Nb3 Nxe4 28. Nxe4 fxe4 29. Nd2 Qf5 30. Qg2 e3 31. fxe3 Qg5 32. Qe4 Rc5 33. Rf1 Rxf1+ 34. Nxf1 Bc8 35. Nd2 Bf5 36. Qf3 Kg7 37. Ne4 Bxe4 38. Qxe4 Rc8 39. Bg4 Rc7 40. Be6 Re7 41. Rf2 b5 42. Qf3 Rxe6 43. Qf8# 1-0

[Event "Mislata op 51st"]
[Site "Mislata"]
[Date "2017.08.07"]
[Round "1"]
[White "Martinez Villena, David"]
[Black "Cano Gimenez, Vicente"]
[Result "0-1"]
[WhiteElo "2037"]
[BlackElo "2285"]
[PlyCount "158"]
[EventDate "2017.08.07"]
[EventType "swiss"]
[EventRounds "9"]
[EventCountry "ESP"]
[SourceTitle "CBM 179 Extra"]
[Source "ChessBase"]
[SourceDate "2017.08.23"]
[SourceVersion "1"]
[SourceVersionDate "2017.08.23"]
[SourceQuality "1"]

1. e4 c5 2. c3 g6 3. d4 cxd4 4. cxd4 d5 5. e5 Nh6 6. Nc3 Bg7 7. Nf3 0-0 8. Be2 Nc6 9. 0-0 Bg4 10. Qb3 Bxf3 11. Bxf3 e6 12. Be3 Nf5 13. Ne2 Rb8 14. g3 f6 15. exf6 Qxf6 16. Bg4 Qe7 17. Rad1 Qb4 18. Rd3 Rf7 19. Rfd1 Re8 20. a3 Qe7 21. R3d2 Na5 22. Qa4 Nc4 23. Bg5 b5 24. Qxb5 Nfd6 25. Bxe7 Nxb5 26. Bxe6 Nxd2 27. Rxd2 Rexe7 28. Bxd5 Kf8 29. Bxf7 Kxf7 30. a4 Nd6 31. b3 Rc7 32. f3 Bh6 33. Rd3 Rc2 34. Kf1 Rb2 35. Rc3 Ke6 36. g4 Kd7 37. h4 Bd2 38. Rd3 Nb7 39. Ng3 Rb1+ 40. Ke2 Be1 41. Ne4 Bxh4 42. f4 Be7 43. g5 Rh1 44. Rc3 Rh2+ 45. Kf3 Bb4 46. Rc4 a5 47. Kg3 Rb2 48. Nf6+ Kd8 49. Nxh7 Rxb3+ 50. Kg4 Be7 51. f5 gxf5+ 52. Kf4 Rb6 53. Rc2 Nd6 54. Rc5 Ra6 55. g6 Ne8 56. Rd5+ Kc8 57. Rxf5 Bb4 58. Nf8 Kd8 59. Kg5 Bd2+ 60. Kh5 Ng7+ 61. Kg4 Nxf5 62. Kxf5 Ke7 63. g7 Rf6+ 64. Ke5 Bf4+ 65. Kd5 Kf7 66. Ne6 Bh6 67. Nd8+ Kxg7 68. Nc6 Bd2 69. Kc5 Kf8 70. d5 Ke8 71. Ne5 Rf4 72. Nc4 Bb4+ 73. Kb5 Kd7 74. d6 Rxc4 75. Kxc4 Kxd6 76. Kd4 Kc6 77. Kc4 Bc5 78. Kc3 Kd5 79. Kb3 Bb4 0-1

[Event "Valencia Region-ch"]
[Site "Valencia"]
[Date "2016.10.29"]
[Round "4"]
[White "Navarro Diaz, Carles"]
[Black "Martinez Villena, David"]
[Result "1-0"]
[WhiteElo "2090"]
[BlackElo "1997"]
[PlyCount "61"]
[EventDate "2016.10.01"]
[EventType "swiss"]
[EventRounds "7"]
[EventCountry "ESP"]
[SourceTitle "EXT 2024"]
[Source "ChessBase"]
[SourceDate "2023.10.10"]
[SourceVersion "1"]
[SourceVersionDate "2023.10.10"]
[SourceQuality "1"]

1. d4 d5 2. c4 c6 3. Nf3 Nf6 4. Nc3 dxc4 5. a4 Bf5 6. e3 Nbd7 7. a5 e6 8. Bxc4 a6 9. Qb3 Qc7 10. 0-0 Be7 11. Nd2 Bg6 12. e4 e5 13. dxe5 Nxe5 14. Be2 Neg4 15. g3 h5 16. Nc4 Bc5 17. Bf4 Qe7 18. e5 Bxf2+ 19. Rxf2 Qc5 20. Bxg4 Nxg4 21. Ne4 Qa7 22. Be3 Nxe3 23. Ned6+ Ke7 24. Nxe3 f6 25. Ndf5+ Kf8 26. e6 Kg8 27. Ne7+ Kh7 28. Nxg6 Kxg6 29. Qd3+ Kh6 30. Nf5+ Kh7 31. Ne7+ 1-0

[Event "Valencia Region-ch"]
[Site "Valencia"]
[Date "2016.10.22"]
[Round "3"]
[White "Martinez Villena, David"]
[Black "Fos Santacreu, Juan Andres"]
[Result "0-1"]
[WhiteElo "1997"]
[BlackElo "2230"]
[PlyCount "70"]
[EventDate "2016.10.01"]
[EventType "swiss"]
[EventRounds "7"]
[EventCountry "ESP"]
[SourceTitle "EXT 2024"]
[Source "ChessBase"]
[SourceDate "2023.10.10"]
[SourceVersion "1"]
[SourceVersionDate "2023.10.10"]
[SourceQuality "1"]

1. d4 Nf6 2. c4 e6 3. Nf3 b6 4. a3 Bb7 5. Nc3 g6 6. d5 Bg7 7. e4 0-0 8. Be2 d6 9. Be3 Nbd7 10. Qc2 Qe7 11. 0-0 e5 12. Nd2 Bc8 13. b4 Rd8 14. Nb3 Nf8 15. h3 Ne8 16. c5 f5 17. cxd6 Nxd6 18. f3 Bd7 19. Rac1 c6 20. Rfd1 Kh8 21. Rd2 h6 22. Rcd1 Nh7 23. dxc6 Bxc6 24. Nd5 Bxd5 25. Rxd5 fxe4 26. fxe4 Nf6 27. R5d3 Rac8 28. Qb2 Nfxe4 29. Bg4 Nf5 30. Qe2 Rxd3 31. Qxd3 Ned6 32. Re1 h5 33. Be2 e4 34. Qd2 Nxe3 35. Qxe3 Rc3 0-1

[Event "Valencia Torrefiel U2200 1st"]
[Site "Valencia"]
[Date "2014.11.01"]
[Round "5.5"]
[White "Valdenebro Orihuel, Miguel"]
[Black "Martinez Villena, David"]
[Result "1-0"]
[WhiteElo "1850"]
[BlackElo "1975"]
[PlyCount "97"]
[EventDate "2014.10.31"]
[EventType "swiss"]
[EventRounds "7"]
[EventCountry "ESP"]
[SourceTitle "EXT 2024"]
[Source "ChessBase"]
[SourceDate "2023.10.10"]
[SourceVersion "1"]
[SourceVersionDate "2023.10.10"]
[SourceQuality "1"]

1. d4 d5 2. Nf3 Nf6 3. Bg5 Ne4 4. Bf4 c6 5. e3 Bg4 6. Nbd2 Qb6 7. Qc1 Nxd2 8. Nxd2 e6 9. Bd3 Nd7 10. 0-0 Be7 11. c3 c5 12. Bg3 Rc8 13. f3 Bh5 14. Rb1 0-0 15. Qe1 Bg6 16. Bxg6 hxg6 17. f4 Nf6 18. Bh4 Bd6 19. Rf3 cxd4 20. exd4 Qc7 21. Bg5 Nh7 22. Qh4 f6 23. Rh3 Nxg5 24. fxg5 f5 25. Qh7+ Kf7 26. Rh6 Ke8 27. Qxg6+ Qf7 28. Qxe6+ Qxe6 29. Rxe6+ Kd7 30. Rbe1 Rf7 31. Nf3 Bf4 32. g3 Bd6 33. g6 Rff8 34. Ng5 Rc6 35. Nf7 a6 36. Nxd6 Rxd6 37. Re7+ Kc6 38. Rxg7 Rff6 39. Ree7 b5 40. Rb7 Rde6 41. Rgc7+ Kd6 42. g7 Re8 43. Rf7 Rxf7 44. Rxf7 Rg8 45. Kg2 Ke6 46. Ra7 a5 47. Rxa5 Rxg7 48. Rxb5 f4 49. a4 1-0

[Event "BCF-chT3S 1314 (4NCL)"]
[Site "England"]
[Date "2014.02.16"]
[Round "6.97"]
[White "Martinez Villena, David"]
[Black "Agnew, Alan"]
[Result "0-1"]
[WhiteElo "1991"]
[BlackElo "2070"]
[PlyCount "76"]
[EventDate "2013.11.16"]
[EventType "team-swiss"]
[EventRounds "6"]
[EventCountry "ENG"]
[SourceTitle "EXT 2015"]
[Source "ChessBase"]
[SourceDate "2014.11.20"]
[SourceVersion "1"]
[SourceVersionDate "2014.11.20"]
[SourceQuality "1"]
[WhiteTeam "MK Phoenix II"]
[BlackTeam "Fermented Sharks"]
[WhiteTeamCountry "ENG"]
[BlackTeamCountry "ENG"]

1. d4 d6 2. e4 g6 3. c4 Bg7 4. Nc3 e5 5. dxe5 dxe5 6. Qxd8+ Kxd8 7. Bg5+ f6 8. 0-0-0+ Nd7 9. Be3 Bh6 10. Bxh6 Nxh6 11. Be2 c6 12. g3 Ke7 13. f4 Nc5 14. h3 a5 15. Nf3 Nf7 16. h4 h5 17. Rhf1 Bg4 18. Nd2 Bxe2 19. Nxe2 Rad8 20. Nc3 Rd3 21. Nf3 Rhd8 22. Rxd3 Nxd3+ 23. Kc2 exf4 24. Ne1 Nxe1+ 25. Rxe1 fxg3 26. Rg1 g5 27. Rxg3 Ke6 28. Rg1 Ke5 29. a3 g4 30. c5 Rd4 31. Rf1 Nh6 32. b3 f5 33. exf5 Nxf5 34. Re1+ Kf6 35. Ne4+ Kg6 36. Kc3 Rd7 37. Rh1 Re7 38. Kd3 Rxe4 0-1

[Event "Manises Provincial-ch"]
[Site "Manises"]
[Date "2011.11.05"]
[Round "4"]
[White "Monton Queralt, Jose Angel"]
[Black "Martinez Villena, David"]
[Result "0-1"]
[WhiteElo "2072"]
[BlackElo "1968"]
[PlyCount "60"]
[EventDate "2011.10.01"]
[EventType "swiss"]
[EventRounds "7"]
[EventCountry "ESP"]
[SourceTitle "EXT 2013"]
[Source "ChessBase"]
[SourceDate "2012.11.22"]
[SourceVersion "1"]
[SourceVersionDate "2012.11.22"]
[SourceQuality "1"]

1. e4 d5 2. exd5 Nf6 3. d4 Nxd5 4. c4 Nb6 5. Nc3 e5 6. dxe5 Qxd1+ 7. Kxd1 Be6 8. b3 Nc6 9. f4 0-0-0+ 10. Bd2 Bb4 11. Nge2 Bxc4 12. Ke1 Bxe2 13. Bxe2 Rxd2 14. Kxd2 Rd8+ 15. Bd3 Nd5 16. Kd1 Bxc3 17. Rc1 Bb4 18. Bf5+ Kb8 19. Ke2 Nd4+ 20. Kf2 Nxf5 21. Rhd1 Kc8 22. Kf3 Nh4+ 23. Kf2 Ng6 24. g3 Nde7 25. Rxd8+ Kxd8 26. h4 h5 27. Kf3 Nf5 28. Rc4 Be1 29. Rc1 Bxg3 30. Ke4 Nge7 0-1

[Event "Manises Provincial-ch"]
[Site "Manises"]
[Date "2011.10.22"]
[Round "3"]
[White "Martinez Villena, David"]
[Black "Jordan Arenas, Manuel"]
[Result "0-1"]
[WhiteElo "1968"]
[BlackElo "2166"]
[PlyCount "54"]
[EventDate "2011.10.01"]
[EventType "swiss"]
[EventRounds "7"]
[EventCountry "ESP"]
[SourceTitle "EXT 2013"]
[Source "ChessBase"]
[SourceDate "2012.11.22"]
[SourceVersion "1"]
[SourceVersionDate "2012.11.22"]
[SourceQuality "1"]

1. e4 e5 2. f4 exf4 3. Nf3 d6 4. Bc4 h6 5. Nc3 g5 6. 0-0 Nc6 7. d4 Bg7 8. Re1 Nge7 9. b4 a6 10. Bb2 0-0 11. h3 Nxb4 12. d5 a5 13. a3 Na6 14. e5 Nc5 15. Ne4 Nxe4 16. Rxe4 Nf5 17. Qd3 Re8 18. exd6 Rxe4 19. dxc7 Qxc7 20. Qxe4 Nd6 21. Be5 Nxe4 22. Bxc7 Bxa1 23. Bb5 Nf6 24. d6 Bd7 25. Bd3 Nd5 26. Nd2 Nxc7 27. Nb3 Be5 0-1

[Event "Mislata op-B 45th"]
[Site "Mislata"]
[Date "2011.08.18"]
[Round "5"]
[White "Martinez Villena, David"]
[Black "Garcia Martinez, Cesar Manuel"]
[Result "1/2-1/2"]
[WhiteElo "1990"]
[BlackElo "2005"]
[PlyCount "122"]
[EventDate "2011.08.15"]
[EventType "swiss"]
[EventRounds "9"]
[EventCountry "ESP"]
[SourceTitle "EXT 2014"]
[Source "ChessBase"]
[SourceDate "2013.11.20"]
[SourceVersion "1"]
[SourceVersionDate "2013.11.20"]
[SourceQuality "1"]

1. e4 e5 2. d4 exd4 3. Nf3 d6 4. Nxd4 Bd7 5. Bc4 Nf6 6. Nc3 Nc6 7. 0-0 Be7 8. f4 0-0 9. b3 a6 10. a4 Rb8 11. Bb2 Nxd4 12. Qxd4 c5 13. Qd3 Bc6 14. Rae1 Ne8 15. Rd1 Nc7 16. Qg3 Ne8 17. Nd5 b5 18. axb5 axb5 19. Nxe7+ Qxe7 20. Bd5 Bxd5 21. exd5 f6 22. Rfe1 Qd7 23. Ra1 Rf7 24. Qf3 Qf5 25. Re2 Nc7 26. Rd1 h5 27. h3 h4 28. Bc3 g5 29. Ba5 Kg7 30. Bxc7 Rxc7 31. Re6 c4 32. b4 c3 33. Qe2 Qxf4 34. Rf1 Qd4+ 35. Kh1 Rf7 36. Rxd6 Rbb7 37. Rd8 Qc4 38. Qf3 Rb6 39. d6 Ra6 40. d7 Rd6 41. Rd1 Qc7 42. Rxd6 Qxd6 43. Qxc3 Rxd7 44. Rxd7+ Qxd7 45. Qc5 Qd1+ 46. Kh2 Qe2 47. c3 Kg6 48. Qc6 Kf5 49. Qd7+ Kg6 50. Qc6 Qe5+ 51. Kh1 Qe2 52. Kh2 Qf1 53. Qd7 Qc4 54. Kh1 f5 55. Qe8+ Kf6 56. Qh8+ Ke7 57. Qg7+ Kd6 58. Qf6+ Qe6 59. Qd4+ Qd5 60. Qb6+ Ke5 61. Qe3+ Kf6 1/2-1/2